000
00411nam a22001217a 4500
003
SGT
082
_a
891.4309
_b
B95S
100
_a
शर्मा, देवेंद्र
245
_a
भूख का असली चेहरा
260
_b
साउथ एशियन डॉयलॉग्स ऑन इकोलॉजिकल डेमोक्रेसी
_c
1995
300
_a
230
942
_2
ddc
_c
BK
999
_c
31434
_d
31434